| 000 | 01349cam a2200325 4500 | ||
|---|---|---|---|
| 001 | J2095 | ||
| 008 | 090401t1993 xxu||||| |||| 00| 0 eng d | ||
| 035 | _a(Sirsi) u47117 | ||
| 041 | _aeng | ||
| 050 | _a692.8 | ||
| 110 |
_aBritish Property Federation _91604 |
||
| 245 | _aForm of agreement for collateral warranty for use where a warranty is to be given to a purchaser or tenant of premises in a commercial and/or industrial development. | ||
| 250 | _a2nd ed. | ||
| 260 |
_aLondon _bBritish Property Federation _c1993 |
||
| 300 | _aPad of 5 sets of 4-page forms ; 30cm. | ||
| 350 | _a11.75 | ||
| 490 | _aCoWa/P&T | ||
| 520 | _aPrepared and approved for use by the BPF, Association of Consulting Engineers , Royal Incorporation of Architects in Scotland, Royal Institute of British Architects and the Royal Institution of Chartered Surveyors. | ||
| 650 | _aASSOCIATION OF CONSULTING ENGINEERS | ||
| 650 | _aBUILT ENVIRONMENT-BUILDING CONTRACT FORMS | ||
| 650 | _aBUILT ENVIRONMENT-BUILDING CONTRACT FORMS-CONSTRUCTION COLLATERAL WARRANTY FORMS | ||
| 650 | _aCONSULTANTS | ||
| 650 | _aLIABILITY | ||
| 650 | _aROYAL INCORPORATION OF ARCHITECTS IN SCOTLAND | ||
| 650 | _aRIBA | ||
| 650 | _aROYAL INSTITUTION OF CHARTERED SURVEYORS | ||
| 690 | _aBUILT ENVIRONMENT-BUILDING CONTRACT FORMS | ||
| 942 | _n0 | ||
| 948 | _c04/03/1997 | ||
| 999 |
_c92073 _d92073 |
||